Setkání o budoucnosti Informační společnost: výzva i memento

Praha 1996 - Druhé fórum EÚ a krajín SVE o informačnej spoločnosti. Informačná spoločnosť - jej charakteristika. Význam inform. spoločnosti pre transformáciu a modernizáciu postkomunistických krajín. Z histórie fóra o inform. spoločnosti. Fázy inform. spoločnosti. Inform. spoločnosť a sociálna klíma...

Ausführliche Beschreibung

Gespeichert in:
Bibliographische Detailangaben
1. Verfasser: Kazdová, Alena
Format: Buchkapitel
Sprache:Tschechisch
Schlagworte:
Tags: Tag hinzufügen
Keine Tags, Fügen Sie das erste Tag hinzu!

MARC

LEADER 00000naa a2200000 4500
001 r021725
005 20230920093238.4
041 0 |a cze 
044 |a CZ 
245 1 0 |a Setkání o budoucnosti  |b Informační společnost: výzva i memento  |c A. Kazdová 
520 |a Praha 1996 - Druhé fórum EÚ a krajín SVE o informačnej spoločnosti. Informačná spoločnosť - jej charakteristika. Význam inform. spoločnosti pre transformáciu a modernizáciu postkomunistických krajín. Z histórie fóra o inform. spoločnosti. Fázy inform. spoločnosti. Inform. spoločnosť a sociálna klíma. Vzdelávanie a aplikácia nových technológií, rekvalifikácia. Demonopolizácia telekomunikácií a budovanie liberálneho konkurenčného prostredia. Akčný plán inform. spoločnosti. 
610 2 0 |a spoločnosť informačná 
610 2 0 |a informácie 
610 2 0 |a technológie nové 
610 2 0 |a vzdelávanie 
610 2 0 |a rekvalifikácia 
610 2 0 |a konferencie 
610 2 0 |a Praha 
610 2 0 |a 1996 
100 1 |a Kazdová, Alena